000 00961nam a22003015a 4500
001 14186722
003 OSt
005 20140310182850.0
008 051202s2004 ph a 000 0 eng
010 _a 2005345381
020 _a9718280308
040 _aDLC
_cDLC
042 _alcode
043 _aa-ph---
050 _aPL 5539
_b.F363 2004
082 _aFIL 920.72
_bF39 2004
100 1 _aFernandez, Charlene.
245 1 0 _aMisadventures of a disorganized young woman
_cFernandez, Charlene
260 _aNew Manila, Quezon, City
_bPublished and exclusively distributed by Milflores Pub.
_cc2004
300 _axvi, 165 p.
_bill.
_c23 cm.
521 _aHigh School to College Student
526 _c1210L to 1700L
541 _j1
562 _efor circulation. 1 copy available in the collection
906 _a7
_bibc
_corigode
_d3
_encip
_f20
_gy-gencatlg
942 _2lcc
_cBK
_kFIL
999 _c16980
_d16980